| 000 | 00352cam a2200145ua 4500 | ||
|---|---|---|---|
| 041 |
_aeng _h |
||
| 082 |
_a822.09 _bMUL/SH |
||
| 100 | _aMullik, B.R. | ||
| 245 |
_aShakespear`s Twe if the night / _cB R Mullik. _hTextual Documents |
||
| 260 |
_aDelhi : _bS Chand & Co , _c1966. |
||
| 300 | _a54 ; . | ||
| 504 | _a | ||
| 942 | _cBK | ||
| 999 |
_c2826 _d2826 |
||